000 00303nam a22001337a 4500
008 181015b xxu||||| |||| 00| 0 eng d
020 _a9780534340858
041 _aeng
080 _a159.9
100 _a49
101 _aPSI
245 _aPsychology and the Legal System
_cWrightsman
942 _2udc
_cBK
999 _c49718
_d49718